Facultad de Derecho – Universidad Nacional de Mar del Plata

El acceso a la informacion publica en la provincia de buenos aires (Record no. 2081)

MARC details
000 -LEADER
fixed length control field 00722cam a22002297a 4500
001 - CONTROL NUMBER
control field 002090
003 - CONTROL NUMBER IDENTIFIER
control field armpunfd
005 - DATE AND TIME OF LATEST TRANSACTION
control field 20140612090658.0
008 - FIXED-LENGTH DATA ELEMENTS--GENERAL INFORMATION
fixed length control field 070510e0####xx#a##########000#0#und#d
040 ## - CATALOGING SOURCE
Original cataloging agency armpunfd
Transcribing agency armpunfd
080 ## - UNIVERSAL DECIMAL CLASSIFICATION NUMBER
Universal Decimal Classification number 349.6 AC 22
245 10 - TITLE STATEMENT
Title El acceso a la informacion publica en la provincia de buenos aires
260 ## - PUBLICATION, DISTRIBUTION, ETC. (IMPRINT)
Place of publication, distribution, etc Uenos Aires : Fundacion Ambiente Y Recursos Naturales
Name of publisher, distributor, etc 2006. Isbn: 10:987-20681-8-6 51 P.
650 #7 - SUBJECT ADDED ENTRY--TOPICAL TERM
Topical term or geographic name as entry element Derecho Ambiental
Source of heading or term LEMB
650 #7 - SUBJECT ADDED ENTRY--TOPICAL TERM
Topical term or geographic name as entry element Recursos Naturales
Source of heading or term LEMB
942 ## - ADDED ENTRY ELEMENTS (KOHA)
Koha item type LIBRO
Source of classification or shelving scheme
945 ## - LOCAL PROCESSING INFORMATION (OCLC)
a Catalis
d 2010-08-19
945 ## - LOCAL PROCESSING INFORMATION (OCLC)
a Catalis
d 2010-08-19
945 ## - LOCAL PROCESSING INFORMATION (OCLC)
a Catalis
d 2010-08-19
945 ## - LOCAL PROCESSING INFORMATION (OCLC)
a Catalis
d 2010-08-19
945 ## - LOCAL PROCESSING INFORMATION (OCLC)
a Catalis
d 2010-08-19
Holdings
Withdrawn status Lost status Source of classification or shelving scheme Damaged status Not for loan Home library Current library Shelving location Date acquired Total Checkouts Full call number Barcode Date last seen Price effective from Koha item type
          Bib. Derecho Bib. Derecho Sector Prestamo 12/06/2014   349.6 AC 22 201986 12/06/2014 12/06/2014 LIBRO
          Bib. Derecho Bib. Derecho Sector Prestamo 12/06/2014   349.6 AC 22 201987 12/06/2014 12/06/2014 LIBRO
          Bib. Derecho Bib. Derecho Sector Prestamo 12/06/2014   349.6 AC 22 201988 12/06/2014 12/06/2014 LIBRO
          Bib. Derecho Bib. Derecho Sector Prestamo 12/06/2014   349.6 AC 22 201989 12/06/2014 12/06/2014 LIBRO
          Bib. Derecho Bib. Derecho Sala de Lectura 12/06/2014   349.6 AC 22 201990 12/06/2014 12/06/2014 LIBRO (Consulta)

XHTML | CSS | ©Biblioteca Central - Dto. Tecnología de la Información - [ Con tecnología Koha ]